Fasting Typing: The Alphabet Backwards - Statistics

General Stats
  • This quiz has been taken 51 times
  • The average score is 14 of 26
Answer Stats
% Correct
Z
100%
Y
93%
X
89%
W
86%
V
79%
T
71%
U
71%
S
64%
R
61%
Q
57%
K
50%
L
50%
M
50%
N
50%
O
50%
P
50%
J
46%
I
39%
H
36%
G
32%
A
29%
B
29%
C
29%
D
29%
E
29%
F
29%
No matching quizzes found
Score Distribution
Percent of People with Each Score
Percentile by Number Answered
Your Score History
You have not taken this quiz